La travesía del corazón salvaje : (Record no. 16482)

MARC details
000 -LEADER
fixed length control field 00690nam a22002297a 4500
001 - CONTROL NUMBER
control field sjds170002
003 - CONTROL NUMBER IDENTIFIER
control field sjds
005 - DATE AND TIME OF LATEST TRANSACTION
control field 20170207145034.0
008 - FIXED-LENGTH DATA ELEMENTS--GENERAL INFORMATION
fixed length control field 170207b ||||| |||| 00| 0 spa d
020 ## - INTERNATIONAL STANDARD BOOK NUMBER
International Standard Book Number 9780881130829
Qualifying information (pbk.)
040 ## - CATALOGING SOURCE
Transcribing agency sjds
041 ## - LANGUAGE CODE
Language code of text/sound track or separate title spa
082 ## - DEWEY DECIMAL CLASSIFICATION NUMBER
Classification number 248.842
100 ## - MAIN ENTRY--PERSONAL NAME
Personal name Eldredge, John,
Dates associated with a name 1960-
245 ## - TITLE STATEMENT
Title La travesía del corazón salvaje :
Remainder of title un mapa para la jornada masculina
260 ## - PUBLICATION, DISTRIBUTION, ETC. (IMPRINT)
Place of publication, distribution, etc. Nashville :
Name of publisher, distributor, etc. Grupo Nelson,
Date of publication, distribution, etc. 2006.
300 ## - PHYSICAL DESCRIPTION
Extent xiii, 301 p. ;
Dimensions 22 cm.
650 ## - SUBJECT ADDED ENTRY--TOPICAL TERM
Topical term or geographic name as entry element Hombres cristianos
General subdivision Vida religiosa.
650 ## - SUBJECT ADDED ENTRY--TOPICAL TERM
Topical term or geographic name as entry element Masculinidad
General subdivision Aspectos religiosos
-- Cristianismo.
730 ## - ADDED ENTRY--UNIFORM TITLE
Uniform title Way of the wild heart.
Language of a work Spanish
942 ## - ADDED ENTRY ELEMENTS (KOHA)
Source of classification or shelving scheme Dewey Decimal Classification
Koha item type Libro/Book
Holdings
Withdrawn status Lost status Source of classification or shelving scheme Damaged status Not for loan Home library Current library Shelving location Date acquired Total Checkouts Full call number Barcode Date last seen Date checked out Price effective from Koha item type
    Dewey Decimal Classification     San Juan Del Sur -- Biblioteca San Juan Del Sur -- Biblioteca General Stacks 07/02/2017 3 248.842 Eld 30024255 28/08/2024 28/10/2022 07/02/2017 Libro/Book

Powered by Koha